000
00261nam a2200109Ia 4500
008
231212s1997 xx 000 0 und d
041
_a
eng
082
_a
660.283
100
_a
Kvo B.C.
245
_a
Automatic Control Systems
260
_a
New York
_b
John We
_c
1997
999
_c
958939
_d
958939